00693 2200181 4500001002100000005001500021035002000036245006400056100002000120250001700140300002800157260003100185082000800216084001400224020002200238650001400260520023700274INLIS00000000000005120240320051657 a0010-03240000511 aEnsiklopedia Mini Pertamaku :bKendaraan /cCucu Nurhasanah0 aCucu Nurhasanah acetakan ke-1 a36 hlm :bilus ;c19 cm aSolo :bTiga Ananda,c2019 a388 a388 CUC e a978-623-206-012-8 4aBuku Anak aKendaraan memudahkan kita untuk bepergian ke tempat lain. Ada juga kendaraan yang digunakan untuk mempermudah pekerjaan. Melalui buku ini, kalian akan diajak mengenal berbagai jenis kendaraan yang biasa ada di darat, air, dan udara.